Taller nacional gestión integral de residuos (Registro nro. 16578)

Detalles MARC
000 -CABECERA
Campo de control 007720000a22002290004500
090 ## - CLASIFICACIÓN LOCAL
Colección MM
Consecutivo 00202
041 0# - IDIOMA
Código de idioma para texto/pista de sonido o título separado
044 ## - PAÍS DE PUBLICACIÓN
País de publicación
111 2# - ASIENTO PRINCIPAL--NOMBRE DE REUNION
Nombre de reunión o de jurisdicción como elemento de entrada Taller Nacional de Reciclaje (Taller Nacional de Gestión Integral de Residuos), 1
Language of a work Pereira
Date of a work junio 21-22, 2001
110 1# - ASIENTO PRINCIPAL--NOMBRE CORPORATIVO
Language of a work Colombia
Nombre corporativo o de jurisdicción como elemento de entrada Ministerio del Medio Ambiente
245 10 - MENCION DE TITULO
Título Taller nacional gestión integral de residuos
260 ## - PUBLICACION, DISTRIBUCION, ETC. (PIE DE IMPRENTA)
Lugar de publicación, distribución, etc. Bogotá
Nombre del editor, distribuidor, etc. Minambiente
Fecha de publicación, distribución, etc. 2002
300 ## - DESCRIPCION FISICA
Otros detalles físicos CD-ROM
650 14 - ASIENTO SECUNDARIO DE MATERIA - TERMINO TEMATICO
Término temático o nombre geográfico como elemento de entrada Residuos sólidos
650 14 - ASIENTO SECUNDARIO DE MATERIA - TERMINO TEMATICO
Término temático o nombre geográfico como elemento de entrada Residuos aprovechables
650 14 - ASIENTO SECUNDARIO DE MATERIA - TERMINO TEMATICO
Término temático o nombre geográfico como elemento de entrada Reciclaje
650 14 - ASIENTO SECUNDARIO DE MATERIA - TERMINO TEMATICO
Término temático o nombre geográfico como elemento de entrada Manejo de residuos
650 14 - ASIENTO SECUNDARIO DE MATERIA - TERMINO TEMATICO
Término temático o nombre geográfico como elemento de entrada Gestión ambiental
651 #4 - ASIENTO SECUNDARIO DE MATERIA - NOMBRE GEOGRAFICO
-- Colombia
942 ## - ELEMENTOS ADICIONALES (KOHA)
Tipo de ítem CD-ROM
Existencias
Withdrawn status Lost status Sistema de Clasificación Damaged status No para préstamo Colección Ubicación Permanente Ubicación actual Fecha de adquisición Fuente de Valor Total Checkouts Número topográfico Inventario / Código de Barras Date last seen Ejemplar Price effective from Forma de adquisición Tipo de material
    Local     Audiovisual Bogotá Bogotá 16/05/2004 Minambiente   MM 00202 018426 25/03/2015 Ej. 1 25/03/2015   CD-ROM